| 000 | 00825nac a22002171u 4500 | ||
|---|---|---|---|
| 010 | _a96029044 | ||
| 020 | _a8120316843 | ||
| 082 | 0 | 0 |
_a004.33 _bL314 |
| 090 |
_c908 _d908 |
||
| 100 | _aLaplante, Phillip A. | ||
| 245 | 1 | 0 |
_aReal-time systems design and analysis : _ban engineer's handbook / _cPhillip A. Laplante. |
| 250 | _a2nd ed. | ||
| 260 |
_aNew Delhi : _bPrentice Hall of India _c2002. |
||
| 300 |
_axxi, 361 p. : _bill. ; _c26 cm. |
||
| 500 | _aIncludes index. | ||
| 650 | 0 | _aReal-time data processing. | |
| 650 | 0 | _aSystem design. | |
| 856 | 4 | 2 |
_3Table of Contents _uhttp://www.loc.gov/catdir/toc/onix07/96029044.html |
| 942 |
_cBB _k004.33L314 |
||
| 999 |
_c908 _d908 |
||